000
00298 a2200133 4500
999
_c
11946
_d
11946
003
OSt
008
240110b ||||| |||| 00| 0 eng d
020
_a
295100311
082
_a
720
100
_a
Lee
245
_a
A + Plus: Small Competition & Project, Vol.1
260
_b
K-on Book
942
_2
ddc